Catálogo
 En Linea

Pequeños animales abatidos / (Registro nro. 9407)

Detalles MARC
000 -CABECERA
campo de control de longitud fija 00631cam a2200205 a 4500
001 - NÚMERO DE CONTROL
campo de control 000009647
005 - FECHA Y HORA DE LA ÚLTIMA TRANSACCIÓN
campo de control 20200929161645.0
008 - DATOS DE LONGITUD FIJA--INFORMACIÓN GENERAL
campo de control de longitud fija 760220s1975 cu f000 0 spa
040 ## - FUENTE DE LA CATALOGACIÓN
Centro catalogador/agencia de origen DO-SdBNP
Centro/agencia transcriptor DLC
Centro/agencia modificador DLC
082 ## - NÚMERO DE LA CLASIFICACIÓN DECIMAL DEWEY
Número de clasificación Ch862.44
Número de documento/Ítem S573p
049 ## - FONDOS LOCALES (OCLC)
Fondos de biblioteca BNGR
100 1# - ENTRADA PRINCIPAL--NOMBRE DE PERSONA
Nombre de persona Sieveking, Alejandro,
Fechas asociadas al nombre 1934-
9 (RLIN) 8205
245 10 - MENCIÓN DE TÍTULO
Título Pequeños animales abatidos /
Mención de responsabilidad, etc. Alejandro Sieveking.
260 ## - PUBLICACIÓN, DISTRIBUCIÓN, ETC.
Lugar de publicación, distribución, etc. La Habana :
Nombre del editor, distribuidor, etc. Casa de las Américas,
Fecha de publicación, distribución, etc. 1975.
300 ## - DESCRIPCIÓN FÍSICA
Extensión 107 p. ;
Dimensiones 20 cm.
586 ## - NOTA DE PREMIOS
Nota de premios Premio Casa de las Américas, 1974
650 #4 - PUNTO DE ACCESO ADICIONAL DE MATERIA--TÉRMINO DE MATERIA
Término de materia o nombre geográfico como elemento de entrada Teatro chileno
9 (RLIN) 24526
650 #4 - PUNTO DE ACCESO ADICIONAL DE MATERIA--TÉRMINO DE MATERIA
Término de materia o nombre geográfico como elemento de entrada Literatura chilena
9 (RLIN) 3164
910 ## - DATOS DE OPCIÓN DEL USUARIO (OCLC)
Datos de opción del usuario Catalogación por copia / LC
Existencias
Estado de retiro Estado de pérdida Restricciones de uso No para préstamo Código de colección Localización permanente Ubicación/localización actual Ubicación en estantería Fecha de adquisición Número de inventario Total de préstamos Signatura topográfica completa Código de barras Fecha visto por última vez Precio válido a partir de Tipo de ítem Koha
    Préstamo interno   Monografías: Libros y Folletos General General En catalogación 30.09.2009 LF1   Ch862.44 S573p 9647-10 25.06.2020 25.06.2020 Préstamo interno

Con tecnología Koha